| 000 | 00695nab a2200217 a 4500 | ||
|---|---|---|---|
| 005 | 20220221090945.0 | ||
| 008 | 991125s1985 mx 000 0 spa u | ||
| 035 | _aUPN01000193568 | ||
| 100 | 1 | _aRocha Sánchez, Tania Esmeralda | |
| 222 | 0 | _aREVISTA DE PSICOLOGIA SOCIAL Y PERSONALIDAD | |
| 245 | 0 | 0 | _aDesarrollo y validación de un inventario para la evaluación del género en adolescentes (IEG) |
| 260 | _aMéxico | ||
| 300 | _a159-185 | ||
| 362 | 0 | _a2002, Vol. 18, no. 1 | |
| 653 | 0 | _aESTUDIOS DE GENERO | |
| 653 | 0 | _aROL DE GENERO | |
| 653 | 0 | _aADOLESCENTES | |
| 700 | 1 |
_aDíaz Loving, Rolando _ecoaut. _928003 |
|
| 700 | 1 |
_aRivera Aragón, Sofía, _ecoaut. |
|
| 905 | _aArticulo | ||
| 999 |
_c165669 _d165669 |
||